Cómo interpretar un balance

Guardado en:
Detalles Bibliográficos
Autores Corporativos: OIT (Autor), Oficina Internacional del Trabajo (Autor)
Formato: Libro
Lenguaje:español
Publicado: Ginebra OIT 1970
Edición:4a. ed
Colección:Libro Programado de la OIT
Materias:
Etiquetas: Agregar Etiqueta
Sin Etiquetas, Sea el primero en etiquetar este registro!

MARC

LEADER 00000nam a2200000 a 4500
001 UCR9295
003 CL-VaPUC
008 980613e19700000SZ |||||||||||||||||spa|d
082 0 4 |a 657.3  |b OIT  |2 21 
110 2 |a OIT  |e author  |9 411655 
710 2 |a Oficina Internacional del Trabajo  |e author  |9 411656 
245 1 0 |a Cómo interpretar un balance 
250 |a 4a. ed 
300 |a 128 p 
942 |c BK 
945 |d 19980613 00:00:00  |a crobeson 
260 |a Ginebra  |b OIT  |c 1970 
650 7 |a ESTADOS FINANCIEROS  |2 CL-VaPUC  |9 411657 
650 0 |a Contabilidad   |9 261430 
650 0 |a Activo  |9 411658 
650 0 |a Auditoría  |9 307008 
650 7 |a MOVIMIENTO DE CAJA  |2 CL-VaPUC  |9 411659 
583 |a last modification  |c 19980613 00:00:00  |k Rodrigo Vera 
490 0 |a Libro Programado de la OIT 
999 |c 270495  |d 270493 
952 |0 0  |1 0  |4 0  |6 657_300000000000000_OIT_1970  |7 0  |8 A  |9 304810  |a BIBGIM  |b BIBGIM  |d 2019-11-20  |i 1409751  |o 657.3 OIT 1970  |p 1409751  |r 2025-01-15  |w 2019-11-20  |y BK  |k COM